| 000 | 00691nam a22002057a 4500 | ||
|---|---|---|---|
| 003 | OSt | ||
| 005 | 20180630140156.0 | ||
| 008 | 180228b xxu||||| |||| 00| 0 spa d | ||
| 040 | _cPJ | ||
| 100 |
_91243 _aSánchez Viamonte, Carlos |
||
| 245 | 1 | 0 |
_aLey marcial y estado de sitio; en el derecho argentino : _ben el derecho argentino / _cCarlos Sanchez Viamonte, prólogo por Emilio Frugoni. |
| 260 |
_aBuenos Aires : _bPerrot, _c1957. |
||
| 300 |
_a170 p. _c23 cm. |
||
| 650 | 0 |
_aDERECHO CONSTITUCIONAL _9178 |
|
| 650 | 0 |
_aESTADO DE SITIO _91244 |
|
| 650 | 0 |
_aJUSTICIA MILITAR _91245 |
|
| 650 | 0 |
_aLEY MARCIAL _91246 |
|
| 651 | 0 |
_9232 _aARGENTINA |
|
| 942 |
_2udc _cLIB _h342.77(82) _iSAN |
||
| 999 |
_c897 _d897 |
||